[Event "Zuerich op-A 31th"]
[Site "Zurich SUI"]
[Date "2007.12.29"]
[Round "6"]
[White "Jenni, Florian"]
[Black "Pelletier, Yannick"]
[Result "0-1"]
[WhiteElo "2530"]
[BlackElo "2609"]
[EventDate "2007.12.26"]
[Annotator "Pelletier"]

1. e4 c5 2. Nf3 e6 3. c3 {Zu diesem Zeitpunkt des Turniers hatte Florian 
Jenni all seine Partien gewonnen, während ich ein Remis abgegeben hatte. 
Deshalb hatte ich erwartet, dass er seine alte Liebe - die solide 
c3-Variante wählen würde. Ich hatte eine relativ komplizierte Variante 
vorbereitet.} 3. ... Nf6 4. e5 Nd5 5. d4 cxd4 6. cxd4 d6 7. Bc4 Nb6 8. Bb3
dxe5 9. Nxe5 {Natürlich könnte Weiss mittels 9.dxe5 in ein Damenloses 
Mittelspiel abwickeln. Aber ganz tot wäre die Stellung dann noch nicht!} 
9. ... Nc6 D {In this standard opening position Black has just played . . 
.Nc6. Many players
would be tempted to separate Black's pawns with 1 Nxc6. But why do some
masters prefer the time-losing retreat 1 Nf3 ?} 10. Nf3 {White has 
attacking chances on the kingside but only if he keeps minor
pieces, like his knight, on the board. Typical play is 10 Nf3} ( 10. Nxc6 
bxc6 {ist die Hauptfortsetzung, wo beide Seiten ihre Chancen haben.
On the other hand, 10 Nxc6 weakens Black's pawns but the one at c6 is no 
weaker than the White one at d4.} ) 10. ... Bb4+ ( {Diese komische 
Fortsetzung hatte ich vor der Partie kurz vorbereitet. Nach dem normaleren
} 10. ... Be7 11. Nc3 O-O 12. O-O Nb4 13. Re1 {gefällt mir der Nb6 aber 
nicht besonders.} ) ( 10. ... Nd5 11. O-O Be7 12. Nc3 {and Re1 with a 
slight edge for White.} ) 11. Nc3 += Na5 12. Bg5 ( {Als Florian hier über 
seinen Zug nachdachte, verstand ich, dass Weiss nach} 12. Bc2 Nd5 ( 
12. ... Bd7!? ) 13. O-O! {den Bauern opfern könnte, und dafür gute 
Kompensation bekommen würde. In einer Partie Sedina-Sax geschah} 13. ... 
Bxc3 14. bxc3 Qc7 {, wonach Weiss mittels} 15. Ba4+!? {oder 15.Ne5!? 
klaren Vorteil erhalten.} ) ( 12. Bc2 Nd5 13. O-O Bxc3 14. bxc3 Qc7?! +/- 
( 14. ... Nxc3 15. Qd3 Nd5 ) 15. Re1 ( 15. Ne5! Nxc3 16. Qf3 Nd5 17. Ba3 
+- Nc6 18. Rfc1 Nxe5 19. dxe5 Qxe5 20. Ba4+ +-- ) 15. ... Nxc3 16. Qd2 Nd5
17. Ba4+ Nc6 18. Ne5? ( 18. Ba3! f6! 19. Rac1 Kf7 20. Qd3 g6 ) 18. ... O-O
19. Ba3 Rd8 = 20. Nxc6 bxc6 21. Rac1 Bd7 22. Rc5 Nb6 23. Bc2 Be8 24. Qd3 
g6 25. Rh5 Nd5 26. Rhe5 Rab8 27. Bb3 Nf6 28. Qc3? ( 28. Qf3! += ) ( 28. h3
!? ) 28. ... Ng4! -/+ 29. Qc5?! Bd7 30. Qc1? Nxe5 {0-1(44) Sedina, Elena 
(2390) - Sax, Gyula (2521) / Bratto Open 23rd (3), Bratto ITA 2003} 31. 
Rxe5 Bc8 ) 12. ... f6 ( {Weiss würde im folgenden Endspiel starken Druck 
üben können:} 12. ... Qc7 13. Rc1 h6 14. Bh4 Nxb3 15. Qxb3 Qc4 16. Qxc4 
Nxc4 17. a3 Bxc3+ 18. Rxc3 Nxb2 19. Ne5 =/& ) 13. Bf4 ( 13. Bd2 O-O ) 
13. ... Nd5 ( 13. ... Nxb3 14. Qxb3 Nd5 15. Bd2 O-O 16. Nxd5 Bxd2+ 17. 
Nxd2 Qxd5 18. Qxd5 exd5 += ) 14. Bd2 ( 14. Bxd5 Qxd5 ( 14. ... exd5 15. 
Qa4+ Nc6 16. O-O O-O 17. Qb5 Bxc3 18. bxc3 Na5 =, quiet ) 15. Qa4+ Nc6 16.
 Qxb4 Nxb4 17. Nxd5 exd5 18. Ke2 Bg4 19. h3 Bxf3+ 20. Kxf3 Kd7 =, quiet ) 
14. ... Bxc3?! 15. bxc3 b5 += 16. O-O?! ( {Weiss hätte genauer} 16. Qe2 {
spielen sollen. Schwarz würde sich dann weniger gut organisieren können:} 
16. ... Rb8 17. O-O O-O ( 17. ... Rb6 18. Qd3 Qc7 19. Rfe1 O-O 20. Bc2 f5 
21. Rac1 Nc4 22. Bb3 += ) 18. Bc2 Nc4 19. Qd3 f5 20. Bb3 Qd6 21. Rfe1 Nxd2
22. Qxd2 += ) 16. ... O-O 17. Qe2 Bd7 {Dieser Zug wäre nach 16.Qe2 wegen 
der Fesselung auf der e-Linie unmöglich gewesen.} 18. Bc2 Qe8! ( 18. ... 
Nc4 19. Qd3 f5 20. Bb3 Rc8 =, quiet ) 19. a4 ( 19. Qd3 Qg6!? 20. Qxg6 hxg6
21. Bxg6 Nc4 â‡„â‡„ ) 19. ... a6 ( {Möglich war auch} 19. ... Nc4 20. axb5
Bxb5 21. Bd3 Rc8 ( 21. ... Nxd2 22. Qxd2 Bxd3 ( 22. ... Qc6 23. c4 Bxc4 
24. Rfc1 Nb6 25. Bxc4 Nxc4 26. Qa2 +- ) 23. Qxd3 += ) 22. Rfc1!? ( 22. 
Rxa7 Nxd2 23. Nxd2 Nxc3 ( 23. ... Nf4? 24. Qg4 ) 24. Qg4 Rf7 =, quiet ) 
22. ... Rf7 ~ ) 20. axb5 ( {Nach} 20. Rfe1 Nc4 21. axb5 Bxb5 22. Bc1 Rc8 
23. Qe4 f5 24. Qxe6+ Qxe6 25. Rxe6 Nxc3 {wären die Chancen verteilt.} ) 
20. ... axb5 ( {Objektiv war} 20. ... Bxb5 21. Bd3 Bxd3 22. Qxd3 Nb3 23. 
Rxa6 Rxa6 24. Qxa6 Qc8! =, quiet {besser...aber auch Remis. Im Gewinnsinne
musste ich nach einer riskanten Alternative suchen.} ) 21. Qe4?! ( {
Florian übersah meine Ressource, sonst hätte er wohl eine der folgenden 
Fortsetzungen gewählt:} 21. Bd3 Nb3 22. Rxa8 Qxa8 23. Bxb5 Bxb5 24. Qxb5 
Nxd2 25. Nxd2 Nxc3 =, quiet {oder} ) ( 21. Rfe1 Nc4 22. Rxa8 Qxa8 23. Qd3 
f5 â‡„â‡„ ) ( {Sei gemerkt, dass} 21. Rxa5? {an dieser Stelle wegen} 
21. ... Rxa5 22. c4 Ra2 23. Bb3 Rb2 {nicht funktionniert.} ) ( 21. Ne1 += 
Nc4 22. Nd3 Bc6 += ) 21. ... Qg6! ( 21. ... Qh5? {verliert jetzt wegen} 
22. Rxa5 Rxa5 23. c4 f5 24. Qe5! Ra2 25. Bb1 ( 25. cxd5 Rxc2 26. dxe6 â†‘ 
) 25. ... Rxd2 26. cxd5 Rb2 27. dxe6 +- ) ( 21. ... f5?! 22. Qd3 Nc4 {ist 
spielbar, kam aber nicht in meinen Plänen.} ) 22. Qxg6 hxg6 23. Bxg6?! ( 
23. Rxa5 Rxa5 24. c4 Ra2 25. Bb1 Rxd2 26. Nxd2 bxc4 27. Nxc4 Bb5 28. Bd3 
Nf4 29. Rb1 Nxd3 30. Rxb5 Rd8 =+ {würde es dem Nachziehenden erlauben, den
Gegner noch ein bisschen zu quälen.} ) ( {Eine solidere Variante war aber}
23. Rfd1 Nc4 24. Be1 Kf7 =, quiet ) 23. ... Nb3 {Weiss hat einen Bauern 
gewonnen, und verfügt über das Läuferpaar. Trotzdem entfaltet Schwarz eine
starke Initiative in diesem Endspiel, die ihm sogar bessere Aussichten 
verschafft!} 24. Rxa8 Rxa8 25. Be4 ( 25. Be3 Rc8 =+ ) 25. ... Ra2 ( {Auch 
möglich war} 25. ... Rc8 26. Bxd5 exd5 27. Rb1 Nxd2 28. Nxd2 Rxc3 29. h4 
Kf7 =+ {Aber der Textzug stellt eine kleine Falle.} ) 26. Rd1?? ( {Nach} 
26. Be1?! Nc1 =+ {ist Weiss ziemlich gebunden} ) ( {Unangenehm aber 
haltbar wäre seine Stellung nach dem besseren} 26. Bxd5 exd5 27. Bf4 Rc2 (
{oder} 27. ... Bg4 {gewesen} ) ) 26. ... Nxd2 27. Bxd5 exd5 28. Nxd2 b4! 
-+ {Die von Weiss vergessene Pointe.} 29. Nf1 ( 29. cxb4 Ba4 ) ( 29. Nb1 
b3 30. f3 Bf5 ) 29. ... b3 30. Nd2 b2 31. g4 Bxg4 32. f3 Ra1 0-1

[Event "Fujitsu Siemens Giants"]
[Site "Frankfurt GER"]
[Date "2000.06.25"]
[Round "9"]
[White "Anand, Viswanathan"]
[Black "Shirov, Alexei"]
[Result "1-0"]
[WhiteElo "2769"]
[BlackElo "2751"]
[EventDate "2000.06.22"]
[Annotator "Anand"]
[EventType "tourn (rapid)"]
[EventRounds "10"]
[EventCountry "GER"]
[EventCategory "21"]
[Source "ChessBase"]
[SourceDate "2000.10.18"]
[WhiteTeamCountry "NOR"]
[BlackTeamCountry "POR"]

1. e4 e6 2. d4 d5 3. Nc3 Nf6 4. e5 Nfd7 5. Nce2 {Shirov and I continue 
where we left off from Leon. This manoeuvre is basically designed to keep 
the center intact - White meets c5 with c3 and f6 with f4. It is something
Shirov himself has used on various occasions.} 5. ... c5 6. c3 Nc6 7. f4 
Qb6 8. Nf3 Be7 9. a3 O-O 10. h4 {10.b4 is also possible, but if you want 
to attack the black king, h4 and Rh3 can't be wrong.} 10. ... f6 11. Rh3 {
Suddenly, Black has finished all the easy developing moves. Bareev once 
came up with 11...a5 with the idea Qa7 and b5, which seems very 
reasonable.} 11. ... Na5 {I think this is a mistake since it takes the 
pressure off d4 completely} 12. b4 cxb4 13. axb4 Nc4 14. Ng3 a5 ( {Perhaps
Black should already consider...} 14. ... fxe5 15. fxe5 Ndxe5 16. dxe5 
Nxe5 {It may not be enough for a piece, but Black will have lots of play 
and probably Shirov would have enjoyed this kind of position more!} ) 15. 
Bd3 f5 ( {Now it's too late for...} 15. ... fxe5 16. Bxh7+ Kxh7 17. Ng5+ 
Bxg5 ( 17. ... Kg8 18. Qh5 Nf6 19. Qg6 {There seems to be no defence 
against Nh5} ) 18. hxg5+ Kg8 19. Qh5 +- ) 16. Ng5 Rd8 ( 16. ... Bxg5 17. 
hxg5 Rd8 ( 17. ... Rf7 18. Rxh7 Kxh7 19. Qh5+ Kg8 20. g6 +- ) ( 17. ... g6
18. Nh5! Rf7 19. Nf6+ +/- ) 18. Nh5 {/\ Nf6} ( 18. Qh5 Nf8 ) ) 17. Qh5 
Bxg5 18. Qxg5! ( 18. hxg5 Nf8 ) 18. ... Rf8 ( 18. ... Nf8 19. Nh5 Rd7 20. 
Nf6+ +- ) 19. Nh5 Rf7? ( 19. ... g6! 20. g4 Qd8 21. gxf5 exf5 ) 20. Rg3 g6
21. Bxc4! dxc4 D {Both players have wing attacks in motion. What should 
White do?

------------

Opening the a-file is Black's main source of counterplay. At the cost of a
pawn, White kills it with} 22. b5! {Now the bishop enters the game as 
well.
. Second in significance to closing the queenside
is White's domination of the dark squares after 23 Ba3 ! .
The game ended with} ( 22. Be3 Nf8 23. Nf6+ Rxf6 24. d5 Qc7 25. d6 Qd7 26.
 exf6 +- ) 22. ... Qxb5? ( 22. ... Kh8 23. Ba3 ) ( 22. ... Nf8 23. Ba3 Bd7
24. Nf6+ Kh8 25. h5 +- ) ( 22. ... a4 ) 23. Ba3! b6 24. Qh6 Bb7 25. Rxg6+!
hxg6 26. Qxg6+ Kh8 27. Qxf7 Rg8 {Of course Nf6 wins, but I saw something 
more elegant:} 28. Bf8! {This victory clinched the tournament for me as it
gave me a 2 point lead ahead of the last round.} ( 28. Bf8 Nxf8 29. Nf6 +-
) 1-0

[Event "Cannes NAO Masters"]
[Site "Cannes FRA"]
[Date "2002.03.03"]
[Round "9"]
[White "Fressinet, Laurent"]
[Black "Gelfand, Boris"]
[Result "0-1"]
[WhiteElo "2591"]
[BlackElo "2703"]
[EventDate "2002.02.22"]
[Annotator "Ftacnik"]
[EventType "tourn"]
[EventRounds "9"]
[EventCountry "FRA"]
[EventCategory "18"]
[Source "ChessBase"]
[SourceDate "2002.03.21"]

1. e4 e5 2. Nf3 Nf6 3. Nxe5 d6 4. Nf3 Nxe4 5. d4 d5 6. Bd3 Bd6 7. O-O O-O 
8. c4 c6 9. Re1 Bf5 10. Qb3 Na6 11. cxd5 ( 11. Nc3 dxc4 12. Bxc4 Nxc3 13. 
bxc3 b5 14. Bf1 Nc7 =, quiet ) 11. ... cxd5 12. Nc3 Be6 13. a3 ( 13. Qxb7 
Nb4 14. Bxe4 Rb8 15. Qxa7 Ra8 =, quiet ) 13. ... Nc7 14. Qc2 f5 15. Ne5 
Rc8 16. Bf4 ( 16. f3!? ) 16. ... g5!? {'!' Wells. In this system black 
simply lives mainly from the activity of his own centralized pieces. For 
this simple reason he is not afraid to play such a committing move as 
16...g5!? Wells: 'Undermining white's knight. At the expense of his 
dark-squared bishop all black's other forces enjoy a new lease of life.'} 
17. Bd2 Na6 {'!' Wells.} 18. Qd1 D {Black's best bishop is clearly the one
at d6. Should he even consider
1 ... Bxe5 ?

-------------

Yes, because} 18. ... Bxe5! {'!' Wells.} ( 18. ... Qb6 19. Nf3 g4 20. Ng5 
Nxg5 21. Bxg5 Nc7 22. Be2 =, quiet ) 19. dxe5 {allows him to obtain a 
superior pawn
structure following} 19. ... Nac5! {A better pawn structure often matters 
much
more than the fortunes of a single piece.
White's bishop on d3 is attacked and 20 Nxe4 dxe4 would create a hole that
Black can exploit with . . . Nd3 . In addition, the e5-pawn may be lost.
White cannot defend the bishop with 3 Qe2 because that allows 3 . . . Nxd2
4 Qxd2 Nb3 . That leaves} ( 19. ... Qb6? 20. Bxe4 fxe4 21. Be3 Qxb2 22. 
Nxd5 +/- ) 20. Bc2 ( 20. Nxe4 fxe4 ( 20. ... Nxd3? 21. Bxg5 +/- ) ( 
20. ... dxe4 21. Bc2 Rf7 22. Be3 =, quiet ) 21. Bc2 Nd7 22. Bc3 =, quiet )
20. ... Nxd2 21. Qxd2 d4! {The central "d" pawn can not be underestimated,
Fressinet will need to use great deal of phantasy for holding balance.
Black was obviously superior after} 22. Na4 ( 22. Nb5 d3 23. Bd1 Ne4 24. 
Qe3 d2 25. Re2 Qb6 ( 25. ... Bc4 26. Bb3 Qd5 27. Nc3 Nxc3 28. Rxd2 ( 28. 
Qxg5+ Kh8 29. Rxd2 Qxe5 30. Bxc4 Ne4 -+ ) 28. ... f4 29. Bxc4 fxe3 30. 
Bxd5+ Nxd5 31. Rxd5 Rxf2 32. e6 =+ ) 26. Qxb6 axb6 27. Nc3 Nxc3 28. bxc3 
Rfd8 -+ ) 22. ... Nb3! {Wells: 'and while white was able to create some 
confusion with the advance of his passed e-pawn, it was the d4 pawn and 
the light squared bishop, the joint beneficiaries of the excellent 16. 
..g5! which won the day. Really a very graphic example of a position 
simply springing into life.'} 23. Bxb3 Bxb3 24. e6! Re8 ( 24. ... Qe8 25. 
e7 Rf7 26. Qxg5+ ( 26. Nc5 Rxc5 27. Qb4 Rxe7 28. Qxb3+ Qf7 29. Qb4 =/& ) 
26. ... Kh8 ( 26. ... Rg7 27. Qxf5 Bxa4 28. Qd5+ Kh8 29. Qxd4 ) 27. Qf4 
Bxa4 28. Qxd4+ Rg7 29. g3 Bc6 =+ ) 25. e7 Rxe7 26. Qxg5+?! {White his 
complicating his own life, elimination of the central pawn was much 
better.} ( 26. Rxe7 Qxe7 27. Qxd4 Rd8 28. Qc3! ( 28. Qxa7 Qe2 29. h3 ( 29.
 Nc3 Qxb2 -+ ) 29. ... Rd1+ 30. Rxd1 Qxd1+ 31. Kh2 Bxa4 -+ ) 28. ... Bxa4 
29. Qc4+ Kh8 30. Qxa4 Qe2 31. Rf1 =, quiet ) 26. ... Rg7 27. Qxd8+ Rxd8 
28. Nc5 Bd5 29. g3 Rc7 30. Nd3 ( 30. Rac1 Rdc8 31. Nd3 Rxc1 32. Nxc1 ( 32.
 Rxc1? Rxc1+ 33. Nxc1 Bc4 34. b3 d3! -+ ) 32. ... Rc2 -/+ ) 30. ... Be4 
31. Rad1 Rc2 32. b4? {In the defense under pressure all players are prone 
to make mistakes, white has missed the importance of the e2 square.} ( 32.
 Kf1! Bxd3+ 33. Rxd3 Rxb2 34. Red1 =, quiet ) 32. ... Bf3 33. Rc1 ( 33. 
Ra1 Be2 34. Nf4 Bc4 -+ ) 33. ... Rxc1 34. Rxc1 Be2 35. Nb2 d3 36. Re1 Rc8!
0-1

[Event "EU-Cup 17th"]
[Site "Panormo GRE"]
[Date "2001.09.28"]
[Round "6"]
[White "Beliavsky, Alexander G"]
[Black "Mitkov, Nikola"]
[Result "1-0"]
[WhiteElo "2659"]
[BlackElo "2547"]
[EventDate "2001.09.22"]
[PlyCount "79"]
[EventType "team"]
[EventRounds "7"]
[EventCountry "GRE"]
[Source "ChessBase"]
[SourceDate "2001.10.26"]
[WhiteTeamCountry "ENG"]
[BlackTeamCountry "ENG"]

1. d4 Nf6 2. c4 e6 3. g3 d5 4. Bg2 Bb4+ 5. Bd2 Be7 6. Nf3 c6 7. Qc2 O-O 8.
 O-O b6 9. Rd1 Nbd7 10. Bf4 Bb7 11. Nc3 Nh5 12. Bc1 Nhf6 13. b3 Rc8 14. e4
dxe4 15. Ng5 h6 16. Ngxe4 Nxe4 17. Nxe4 Nf6 D {In this book position, the 
routine continuations were 1 Bf4 and I Be3 . Is
there anything better?
As Bobby Fischer put it, "to get squares you gotta give squares." Best is}
18. c5! {severely limiting Black's queen bishop and heavy pieces. 
Surrendering d5
is a lesser concern because it can be occupied by only one piece, and with
no
other counterplay (no . . . c5 ! ) White can expand on the queenside at 
will.
His method was instructive:} ( 18. a4 Rc7 19. a5 Rd7 20. Bb2 Nxe4 21. Bxe4
+= ) 18. ... Nd5 19. a3 a5 20. Bf1 Qc7 21. Bd2 Rfd8 22. b4 axb4 23. Bxb4! 
Ra8 ( 23. ... Nxb4?! {gives up the best thing about Black's position. He
preferred Ra8} ) ( 23. ... b5!? = ) 24. cxb6 Qxb6 25. Bxe7 Nxe7 26. Nc5 
Bc8 {There's a new priority in the position. What matters most is White's 
passed
a-pawn. He won shortly after} 27. a4! Ra5?! ( 27. ... Nf5! 28. Rab1 Qc7 
29. Rb4 Rb8 30. Rxb8 Qxb8 31. Nb3 Qa8 = ) 28. Nb3 Rad5 29. a5 Qa7 30. a6 
Bd7 31. Bc4 Rd6 32. Nc5 Bc8 33. Qb2 Nd5 34. Rdb1 Nc7 35. Qb8 Qxb8 36. Rxb8
Rxd4 37. a7 Rxc4 38. Na6 Nxa6 39. Rxa6 Rc1+ 40. Kg2 1-0

[Event "Capablanca mem-B"]
[Site "Cuba"]
[Date "1993.??.??"]
[Round "4"]
[White "Rodriguez Cepedes, Amador"]
[Black "Sorin, Ariel"]
[Result "1-0"]
[WhiteElo "2480"]
[BlackElo "2425"]
[EventDate "1993.??.??"]
[EventType "tourn"]
[EventRounds "13"]
[EventCountry "CUB"]
[EventCategory "7"]
[Source "ChessBase"]
[SourceDate "2004.01.01"]
[WhiteTeamCountry "SUI"]
[BlackTeamCountry "GER"]

{page 29} 
1. e4 e5 2. Nf3 Nc6 3. Bb5 a6 4. Ba4 Nf6 5. O-O Nxe4 6. d4 b5 7. Bb3 d5 8.
 dxe5 Be6 9. Nbd2 Nc5 10. c3 Bg4 11. Bc2 Ne6 12. Re1 Bc5 13. a4 Ne7 14. 
Nb3 Bb6 15. axb5 axb5 16. Rxa8 Qxa8 17. Qd3 c6 18. Nfd4 Qc8 19. Qg3 Nxd4 
20. Nxd4 Bxd4 21. cxd4 Ng6 D {Look for the target in Black's camp before 
you read any further.
See it? The only member of Black's army that is not protected is the pawn 
at
g7. It's easy to overlook because it's shielded on the g-file by two 
pieces.
Of course, not every target is worth going after. But here it shouldn't be
hard
to grasp that if White can play Qxg7, he's doing very well.
Once you identify a target - and determine that it's worth going after - 
the
next step is to figure out how to get at it. There may not be a way: It's 
not always
possible to exploit a target.
But in this case White found} 22. e6! Bxe6 23. h4! Kd7 24. h5 Ne7 25. Qxg7
{Beginners often make a concerted effort to threaten their opponent's 
queen
simply because it's so valuable. But queens are valuable because they're 
so
mobile. They can run away. The best targets are typically pawns because 
they tend to be stationary. Most stationary of all are squares because, 
obviously, they
cannot move.} 25. ... Rg8 26. Qf6 Qe8 27. Bg5 h6 28. Bxh6 Rg4 29. Bf4 Qg8 
30. g3 Qa8 31. Qe5 Qa5 32. h6 1-0

[Event "39. Olympiad Men"]
[Site "Khanty-Mansiysk RUS"]
[Date "2010.09.24"]
[Round "4"]
[White "Kamsky, Gata"]
[Black "Grischuk, Alexander"]
[Result "0-1"]
[WhiteElo "2705"]
[BlackElo "2760"]
[EventDate "2010.09.21"]
[WhiteTitle "GM"]
[BlackTitle "GM"]
[Board "5.2"]
[WhiteTeam "USA"]
[BlackTeam "RUS1"]
[WhiteFideId "2000024"]
[BlackFideId "4126025"]
[EventType "team"]

1. Nf3 c5 2. g3 g6 3. Bg2 Bg7 4. c4 Nc6 5. Nc3 d6 6. O-O e6 7. d3 Nge7 8. 
Bg5 h6 9. Bd2 b6 10. a3 Bb7 11. Rb1 Qd7 12. Qa4 Rd8 13. b4 Ba8 14. Rfd1 
O-O 15. e3 g5 16. h4 g4 17. Ne1 Ng6 18. Nb5 f5 19. Bc3 e5 20. Bd5+ Kh8 21.
 Ng2 Nge7 22. e4 f4 23. Kh2 fxg3+ 24. fxg3 Rf3 25. bxc5 dxc5 26. Rf1? D {
At first Black's only target seems to be the d-pawn. But 1 . . . Rxd3 is
complicated by 2 Ne1 .
An alternative is 1 . . .Rdf8, which threatens 2 . . . Rxf1 . Then if 
White moves his rook from f1, Black can play . . . Rf2 and try to exploit 
the knight at g2,
perhaps with a . . . Ng6xh4 sacrifice.
But Black wondered what he would do after 2 Rxf3 . The recapture 2 . . . 
Rxf3
isn't bad. But when he evaluated 2 . . . gxf3 , he realized that h3 
becomes a target.
With the g-pawn out of the way, Black may be able to get to h3 with his
queen. That's why Black found the stunning} ( 26. Rd2 Rdf8 27. Ne1 Rf1 28.
 Rdb2 ) 26. ... Bb7! ( 26. ... Rdf8!? 27. Rh1 Bb7 ) 27. Ba1 ( 27. Rfd1 
Rdf8 28. Rd2 ) ( {It is tactically justified by} 27. Nxa7? Ra8 ) 27. ... 
Rdf8! 28. Rxf3 gxf3! -+ {Suddenly h3 goes from being one of the least 
significant squares on the board, like a I or b8, to the most important. 
White has no satisfactory way of
meeting . . . .Bc8 followed by the devastating . . .Qh3+.} 29. Ne3 Bc8! 
30. g4 h5! 31. Nxa7 Nxa7 ( 31. ... Nxd5! 32. cxd5 Qf7 33. Kh1 Qf4 34. Qd1 
Nxa7 35. Qf1 hxg4 --+ ) 32. Qxd7 Bxd7 33. Rxb6 Bxg4 34. Rb2 Nac6 35. Kg3 
Nd4 0-1